00622nam a2200193Ia 4500008004100000020001800041082001700059100001900076245004300095250000700138260004200145300002800187500001900215600001500234650001500249942000700264952014000271999001700411240925s9999 xx 000 0 und d a9789332568730 a658.1141 HOL aHolt, David H. 0aEntrepreneurship: new venture creation aNA aNew Delhi:bPearson Educationc,2016. axxi, 618p.b0fOriginal aIncludes Index aManagement aManagement cBK 001040708MANaUITUbUITUd2019-01-10eBook World Internationalg884.00l0o658.1141 HOLpQ13385r2024-09-25 07:16:50w2024-09-25yBK c15884d15884